| 000 | 00456nam a2200157 a 4500 | ||
|---|---|---|---|
| 001 | 000031141 | ||
| 005 | 20200930062729.0 | ||
| 008 | 110614s2005 dr ac 000 0 spa d | ||
| 040 |
_aDO-SdBNP _bspa _cBNPHU |
||
| 100 | 1 |
_aGausachs, Josep _d1889-1959 _957617 |
|
| 245 | 1 | 0 |
_aMemoria de dos mares / _cJosep Gausachs. |
| 260 |
_aSanto Domingo : _bMuseo Bellapart, _c2005. |
||
| 300 |
_a48 p. : _bil, ; _c28 cm. |
||
| 504 | _aBibliografía: p. 48 | ||
| 049 | _aBNPD | ||
| 999 |
_c30633 _d30633 |
||